| 000 | 00416nam a2200169Ia 4500 | ||
|---|---|---|---|
| 008 | 230524s9999 xx 000 0 und d | ||
| 082 | _bVAZ | ||
| 100 | _aV.N.Vazirani | ||
| 245 | 0 | _aAnalysis of Structures Vol-I | |
| 250 | _a7 | ||
| 260 |
_aNew Delhi _bkalyani pub _c2015 |
||
| 300 | _a"XVI,1334p;" | ||
| 500 | _aQuantity Number: 3 | ||
| 650 | _aCivil | ||
| 700 | _a",M.M.Ratwani , S.K.Duggal" | ||
| 942 | _cBK | ||
| 999 |
_c57791 _d57791 |
||